Former Nations/States - Part 4: Horn of Africa - Statistics

General Stats
  • This quiz has been taken 8 times
  • The average score is 6 of 43
Answer Stats
Modern Day Country Time Period Answer % Correct
Ethiopia 1270 – 1974 AD Ethiopian Empire
86%
Ethiopia 100 – 940 AD Kingdom of Aksum
71%
Ethiopia 350 – 1625 AD Kingdom of Simien
71%
Ethiopia 1415 – 1559 AD Adal Sultanate
57%
Ethiopia 1647 – 1887 AD Emirate of Harar
43%
Eritrea 2500 – 980 BC Punt
43%
Somalia 1200 – 1600 AD Ajuran Sultanate
29%
Ethiopia 1734 – 1936 AD Aussa Sultanate
29%
Ethiopia 1577 – 1734 AD Imamate of Aussa
29%
Somalia 1960 AD State of Somaliland
29%
Somalia 900 – 1500 AD Sultanate of Mogadishu
29%
Somalia 1600 – 1927 AD Majeerteen Sultanate
14%
Ethiopia 1878 – 1927 AD Sultanate of Hobyo
14%
Ethiopia 1275 – 1403 AD Sultanate of Ifat
14%
Ethiopia 960 – 1270 AD Zagwe Dynasty
14%
Eritrea 1200 – 1700 AD Dankali Sultanate
0%
Ethiopia 960 – 1600 AD Dawaro
0%
Eritrea 980 – 400 BC D'mt
0%
Ethiopia 1300 – 1710 AD Ennarea
0%
Ethiopia 800 – 1400 AD Fatagar
0%
Ethiopia 800 – 1400 AD Gidaya
0%
Somalia 1769 – 1907 AD Habr Yunis Sultanate
0%
Ethiopia 1200 – 1400 AD Hadiya Sultanate
0%
Ethiopia 800 – 1400 AD Hargaya
0%
Ethiopia 501 – 1500 AD Harla Kingdom
0%
Ethiopia 960 – 1317 AD Kingdom of Damot
0%
Ethiopia 1835 – 1887 AD Kingdom of Gera
0%
Ethiopia 1780 – 1886 AD Kingdom of Gomma
0%
Ethiopia 1770 – 1902 AD Kingdom of Gumma
0%
Ethiopia 1400 – 1894 AD Kingdom of Janjero
0%
Ethiopia 1790 – 1932 AD Kingdom of Jimma
0%
Ethiopia 1390 – 1897 AD Kingdom of Kaffa
0%
Ethiopia 1801 – 1891 AD Kingdom of Limmu-Ennarea
0%
Ethiopia 896 – 1286 AD Makhzumi Dynasty
0%
Eritrea 1137 – 1879 AD Medri Bahri
0%
Ethiopia 800 – 1400 AD Moro
0%
Somalia Various Somali City States
0%
Ethiopia 1100 – 1840 AD Sultanate of Arababni
0%
Ethiopia 1200 – 1320 AD Sultanate of Bale
0%
Eritrea 960 – 1557 AD Sultanate of Dahlak
0%
Somalia 1695 – 1911 AD Sultanate of the Geledi
0%
Somalia 800 – 1200 AD Tunni Sultanate
0%
Ethiopia 1251 – 1896 AD Welayta Kingdom
0%
No matching quizzes found
Score Distribution
Percent of People with Each Score
Percentile by Number Answered
Your Score History
You have not taken this quiz